BUSINESS COMMUNICATION: B.COM 1ST (Record no. 8907)

MARC details
000 -LEADER
fixed length control field 00565nam a22001697a 4500
003 - CONTROL NUMBER IDENTIFIER
control field SGT
020 ## - INTERNATIONAL STANDARD BOOK NUMBER
International Standard Book Number 9788127236755
082 ## - DEWEY DECIMAL CLASSIFICATION NUMBER
Classification number 651.74,KUM
100 ## - MAIN ENTRY--PERSONAL NAME
Personal name KUMAR,VIRENDRA
245 ## - TITLE STATEMENT
Title BUSINESS COMMUNICATION: B.COM 1ST
250 ## - EDITION STATEMENT
Edition statement 1ST
260 ## - PUBLICATION, DISTRIBUTION, ETC. (IMPRINT)
Place of publication, distribution, etc MEW DELHI
Name of publisher, distributor, etc KALYANI PUBLICATION
Year of Publication 2007
300 ## - PAGE DESCRIPTION
No. of Pages V.P
650 ## - SUBJECT ADDED ENTRY--TOPICAL TERM
Topical term or geographic name as entry element OFFICE SERVICES, OFFICE COMMUNICATION, ENGLISH
653 ## - KEYWORDS--INDEX TERM
Keyword term BASICS OF COMMUNICATION, BASIC FORMS OF COMMUNICATION, COMMUNICATION MODELS & THEORIES, AUDIENCE ANALYSIS, SELF DEVELOPMENT AND COMMUNICATION, POSITIVE ATTITUTE
942 ## - ADDED ENTRY ELEMENTS (KOHA)
Source of classification or shelving scheme Dewey Decimal Classification
Koha item type FCM Books
Holdings
Withdrawn status Lost status Source of classification or shelving scheme Damaged status Not for loan Collection code Home library Current library Shelving location Date acquired Vendor Name SGTU Total Checkouts Full call number Accession No. (Barcode) Date last seen Bill Date Koha item type
    Dewey Decimal Classification     COMMERCE MANAGEMENT SGT Science & Social Sciences Library SGT Science & Social Sciences Library On Display 02/06/2016 GIFT SGTU   651.74,KUM CM283 02/06/2016 02/06/2016 FCM Books